ბათუმის შოთა რუსთაველის სახელმწიფო უნივერსიტეტის ბიბლიოთეკა

ლეო ქიაჩელი (ბიბ.ჩანაწერი № 50699)

000 -LEADER
fixed length control field 00857nam a2200229Ia 4500
001 - CONTROL NUMBER
control field 17650
003 - CONTROL NUMBER IDENTIFIER
control field GE_BSU
008 - FIXED-LENGTH DATA ELEMENTS--GENERAL INFORMATION
fixed length control field 181216s||||||||xx |||||||||||||| ||und||
040 ## - CATALOGING SOURCE
Transcribing agency GE_BSU
080 ## - UNIVERSAL DECIMAL CLASSIFICATION NUMBER
Universal Decimal Classification number 821.353.1(092ქიაჩელი, ლეო) +821.353.1.09
100 ## - MAIN ENTRY--PERSONAL NAME
Personal name კვანჭილაშვილი,ტარიელ
245 ## - TITLE STATEMENT
Title ლეო ქიაჩელი
245 ## - TITLE STATEMENT
Remainder of title მონოგრაფია
245 ## - TITLE STATEMENT
Statement of responsibility, etc. რედ.:ბ.მირცხულავა;მხატვ.:ო.ვარვარიძე
260 ## - PUBLICATION, DISTRIBUTION, ETC.
Place of publication, distribution, etc. თბილისი
260 ## - PUBLICATION, DISTRIBUTION, ETC.
Name of publisher, distributor, etc. სახელგამი
260 ## - PUBLICATION, DISTRIBUTION, ETC.
Date of publication, distribution, etc. 1955
300 ## - PHYSICAL DESCRIPTION
Extent 152გვ. ; 22სმ.
653 ## - INDEX TERM--UNCONTROLLED
Uncontrolled term მონოგრაფია
653 ## - INDEX TERM--UNCONTROLLED
Uncontrolled term ქართული ლიტერატურის ისტორია და კრიტიკა
942 ## - ADDED ENTRY ELEMENTS (KOHA)
Koha item type წიგნი
ეგზემპლარები
Withdrawn status Lost status Damaged status Not for loan Date acquired Barcode Date last seen Price effective from Koha item type
        2018-12-17 22279 2018-12-17 2018-12-17 წიგნი